| 000 | 00839nam a2200193Ia 4500 | ||
|---|---|---|---|
| 008 | 0000002001 sp a 0000000000spa00 | ||
| 090 | _aPSP00 I11a | ||
| 100 | 1 |
_aIacobelli, Aldo _d1950 |
|
| 245 | 1 | 0 |
_aAldo Iacobelli _b: painting as an interior decorator |
| 300 |
_a47 p. _c/ 27 cm. |
||
| 500 | _aExposición realizada en Galeria Tomas March, Valencia, Septiembre Octubre, 2001 \ texto bilingue : español e inglés \ Con el patronazgo del maestro venezolano Jesús Rafael Soto (q.e.p.d.) \ Registro auspiciado por el IDCT. Bogotá | ||
| 600 | 0 | 0 |
_aIACOBELLI, ALDO, 1950/ _xTRABAJOS PICTORICOS |
| 650 | 1 | 4 | _aARTE CONTEMPORANEO ESPAÑOL |
| 650 | 1 | 4 | _xCATALOGOS |
| 650 | 1 | 4 | _xEXPOSICIONES |
| 650 | 1 | 4 | _aPINTORES ESPAÑOLES |
| 650 | 1 | 4 | _aPINTURA ESPAÑOLA |
| 999 |
_c4206 _d4206 |
||
| 260 |
_aValencia (España) : Galería Tomás March _c2001 |
||